| 000 | 00553nam a2200193Ia 4500 | ||
|---|---|---|---|
| 003 | LK-CoDNM | ||
| 008 | 010623t xxu||||| |||| 00| 1 sin d | ||
| 040 |
_aLK-CoDNM _dLK-CoDNM _eLK-CoDNM |
||
| 041 | _asin | ||
| 080 |
_a781 _bLIY |
||
| 100 | _aLiyanarachchi, Athula | ||
| 245 | _aජනප්රිය හින්දි ගීත ස්වර ප්රස්තාර | ||
| 246 | _aJanapriya Hindi geetha swara prasthara | ||
| 260 |
_bWasana _aDankotuwa |
||
| 300 | _b112, 25 cm | ||
| 650 | _aLiterature | ||
| 650 | _aMusic | ||
| 942 | _cBK | ||
| 999 |
_c138216 _d138216 |
||